Engineering thermodynamics /

Uložené v:
Podrobná bibliografia
Hlavný autor: Bacon, Dennis Henry (Author)
Médium: Kniha
Jazyk:English
Vydané: London : Butterworths, 1972.
Vydanie:1st ed.
ISBN: (viaz.)
Fyzický popis: 438 s.
Tagy: Pridať tag
Žiadne tagy, Buďte prvý kto otaguje tento záznam!

MARC

LEADER 00000nam a2200000 a 4500
001 000196310
005 20101223215330.0
008 040101s1972 xxk e engod
020 |a (viaz.)  |c Kčs 271,00 
040 |a SVKKK  |b slo  |c SVKKK  |e AACR2 
041 0 |a eng 
044 |a xxk  |c GB 
100 1 |a Bacon, Dennis Henry  |4 aut 
245 1 0 |a Engineering thermodynamics /  |c Dennis Henry Bacon. 
250 |a 1st ed. 
260 |a London :  |b Butterworths,  |c 1972. 
300 |a 438 s. 
910 |a svkkk 
998 |a BK 
090 |g SCKHL  |k Sklad  |a X0.11101  |j 046838  |i 196310-10  |4 Zastaraná  |s Vyradená